000
00335nam a2200145Ia 4500
005
20251222152014.0
008
251222s9999||||xx |||||||||||||| ||spa||
020
_a
8440056877
082
_a
630/L88
100
_a
Lopez Ritas, Julio
245
0
_a
El Almendro:
250
_a
1ra.ed.
264
_b
LibrerÃa Mundi-Prensa
942
_c
LIB
999
_c
25010
_d
25010